| 000 | 01075nam a22002657a 4500 | ||
|---|---|---|---|
| 005 | 20240530110603.0 | ||
| 008 | 161015s2015 ua fc f 000 0dara d | ||
| 017 |
_a2015/2027 _bمصر. دار الكتب |
||
| 020 | _a9789779101415 | ||
| 040 |
_aEG-CaGPL _cEG-CaGPL |
||
| 082 | 0 | 4 |
_221 _a754\ _bأ م |
| 100 | 0 | _aاحمد طوغان . | |
| 245 | 1 | 0 |
_aمن ايام زمان : _bلوحات بريشة الفنان احمد طوغان / _cترجمة سعاد فطيم ؛ تقديم عزالدين نجيب ؛ اعداد و تعليق عبدالله الصاوى . |
| 250 | _aط1. | ||
| 260 |
_aالقاهرة : _bالهيئة المصرية العامة للكتاب ، _c2015 . |
||
| 300 |
_a152 ص : _bلوحات ؛ _c24 سم . |
||
| 600 | 0 | _aاحمد طوغان | |
| 650 | 0 | 7 |
_2qrmak _aالاشخاص فى الفن . |
| 650 | 0 | 7 |
_2qrmak _aالرسم . |
| 700 | 0 |
_aسعاد فطيم _eمترجم . |
|
| 700 | 0 |
_aعبدالله الصاوى _eمعد و معلق . |
|
| 700 | 0 |
_aعزالدين نجيب _eمقدم . |
|
| 942 |
_2ddc _cBK |
||
| 999 |
_c62698 _d62698 |
||